LEADER 01523nas 2200421-a 450 001 9910446853303321 005 20231213213019.0 011 $a1938-7458 035 $a(OCoLC)86222304 035 $a(CKB)991042727052724 035 $a(CONSER)--2007215258 035 $a(EXLCZ)99991042727052724 100 $a20070326a20009999 --- a 101 0 $aeng 135 $aur||||||||||| 181 $ctxt$2rdacontent 182 $cc$2rdamedia 183 $acr$2rdacarrier 200 10$aAssessment for effective intervention 210 $a[Arlington, VA] $c[Council for Exceptional Children, Council for Educational Diagnostic Services]$d[2001]- 210 3 $aAustin, TX $cHammill Institute on Disabilities and SAGE in association with the Council for Educational Diagnostic Services 300 $aRefereed/Peer-reviewed 311 $a1534-5084 606 $aEducational tests and measurements$vPeriodicals 606 $aTests et mesures en éducation$vPériodiques 606 $aEducational tests and measurements$2fast$3(OCoLC)fst00903660 608 $aPeriodicals.$2fast 610 $aTheory & Practice of Education 615 0$aEducational tests and measurements 615 6$aTests et mesures en éducation 615 7$aEducational tests and measurements. 676 $a371 676 $a371.2/6/05 712 02$aCouncil for Educational Diagnostic Services (U.S.) 906 $aJOURNAL 912 $a9910446853303321 996 $aAssessment for effective intervention$92150828 997 $aUNINA LEADER 01148nam0 22003011i 450 001 UON00222808 005 20231205103422.751 010 $a06-7409-555-3 100 $a20030730d1999 |0itac50 ba 101 $aeng 102 $aGB 105 $a|||| 1|||| 200 1 $aCardano's cosmos$ethe worlds and works of a Renaissance astrologer$fAnthony Grafton 210 $aCambridge [etc.]$cHarward University Press$d1999 215 $aXII, 284 p.$cill.$d25 cm. 606 $aASTROLOGIA$3UONC004682$2FI 606 $aCARDANO GIROLAMO$3UONC047474$2FI 620 $aUS$dCambridge (Mass.)$3UONL000262 676 $a133.5$cAstrologia$v21 700 1$aGrafton$bAnthony$3UONV060379$0181216 712 $aHarvard University Press$3UONV245793$4650 801 $aIT$bSOL$c20251024$gRICA 899 $aSIBA - SISTEMA BIBLIOTECARIO DI ATENEO$2UONSI 912 $aUON00222808 950 $aSIBA - SISTEMA BIBLIOTECARIO DI ATENEO$dSI Angl II C 579 $eSI LO 66405 5 579 966 $aASTRONOMIA$yASTROLOGIA$3UONC004663 996 $aCardano's cosmos$91268919 997 $aUNIOR